01353nam a22003015a 4500999001700000003000900017005001700026008004100043020001800084040004300102082002700145100002800172245008100200264005600281300004000337336002600377337002800403338002700431500002000458520024100478590001900719650004700738653002500785655002400810700003900834942001200873952016600885 c12259d12259EG-ScBUE20201125063832.0090708s2008 enka f 001 0 eng d a9780521702690 aEG-ScBUEbengerdacEG-ScBUEdEG-ScBUE04a428.240246588bFAR2221 aFarrall, Cate,eauthor.10aProfessional English in use :bmarketing /cCate Farrall, Marianne Lindsley. 1aCambridge, UK :bCambridge University Press,c2008. a144 pages :billustrations ;c25 cm 2rdacontentatextbtxt 2rdamediaaunmediatedbn 2rdacarrieravolumebnc aIncludes index. aProfessional English in Use Marketing offers comprehensive coverage of key marketing vocabulary, it includes 50 units covering everything from marketing basics and the full marketing mix, through to research, advertising, media and PR.  amustafa galaL. 7aEnglish languagexBusiness English.2BUEsh bHHUUEENNcAugust2015 vReading book9342321 aLindsley, Marianne,eauthor.97773 2ddccBB 00102ddc40708BaccahaMAINbMAINc2NDd2009-07-08ePurchaseg156.00h8050l1m1o428.240246588 FARp000017103r2024-06-11 00:00:00s2009-11-24w2009-07-08yBB